| 000 | 00741cam a22002655a 4500 | ||
|---|---|---|---|
| 020 | _a1597180505 | ||
| 020 | _a9781597180504 | ||
| 020 | _a9781597180801 | ||
| 020 | _a1597180807 | ||
| 040 | _cBNG | ||
| 082 | _a310 STA 2011 A107 Or. | ||
| 245 | 0 | 0 |
_aStata data-management reference manual : _brelease 12. |
| 246 | 1 | 4 |
_aStata release 12 : _bdata management |
| 246 | 1 | 8 | _aStata 12 data management |
| 260 |
_aCollege Station, Tex. : _bStataCorp LP, _cc2011. |
||
| 300 |
_av, 636 p. : _bill. ; _c24 cm. |
||
| 500 | _a"A Stata Press Publication." | ||
| 500 | _aIncludes index. | ||
| 650 | 0 | _aStatistics | |
| 650 | 0 | _aStatistics | |
| 650 | 0 | _aSocial sciences | |
| 650 | 0 | _aSocial sciences | |
| 710 | 2 | _aStataCorp LP. | |
| 942 | _cEK | ||
| 999 |
_c16579 _d16579 |
||